Catalogus librorum, qui terminata revolutione Neoverbasini e Bibliotheca Michaëlis Godra remanserunt

Katalóg kníh knižnice M. Godru v Novom Vrbase z roku 1850

Bibliographic Details
Main Author: Godra, Michal, 1801-1874 (Author)
Format: Manuscript Book
Language:Latin
Slovak
Hungarian
German
Czech
PhysicalDescription:17 nečíslovaných strán rukopis, viazaný 29 cm
Published: [Novi Vrbas] 1850
Subjects:

MARC

LEADER 00000ntmaa2200000 a 4500
001 vtls012064630
003 SK-MaSNL
005 20260301080501.0
008 251021s1850 rb ||c 000 0 lat
035 |a urn:nbn:sk:snk-tm00ggst 
035 |a urn:nbn:sk:snk-tm3n4y6 
035 |a 36BC992B-1220-4E8E-A238-4FF07CAC74DE 
040 |a SNKLA  |b slo  |c SNKLA  |e AACR2 
041 0 |a lat  |a slo  |a hun  |a ger  |a cze 
044 |a rb  |c RS 
072 7 |a 01  |x Bibliografia. Katalógy  |2 konspekt 
080 |a 025.171  |2 2011 
080 |a (083.82)017/019  |2 2011 
080 |a 026/027  |2 2011 
100 1 |a Godra, Michal,  |d 1801-1874  |4 aut  |9 37939 
245 1 0 |a Catalogus librorum, qui terminata revolutione Neoverbasini e Bibliotheca Michaëlis Godra remanserunt  |c [Michal Godra] 
246 3 3 |a Katalóg knižnice 
260 |a [Novi Vrbas]  |c 1850 
300 |a 17 nečíslovaných strán  |b rukopis, viazaný  |c 29 cm 
500 |a Autor podľa prác a korešpondencie pod signatúrou M 21 
500 |a Alternatívny názov podľa inventára 
520 2 |a Katalóg kníh knižnice M. Godru v Novom Vrbase z roku 1850 
546 |a Napísané prevažne latinsky 
555 0 |a Inventár rukopisov Literárneho archívu MS V. Archív Slovenského národného múzea. Fondy M 1 - 50. Martin : Matica slovenská 1974 
561 |a Okrúhla pečiatka: Matica slovenská Martin Literárny archív 
600 1 7 |a Godra, Michal,  |d 1801-1874  |2 SNKMA  |9 37939 
650 0 7 |a knižnice  |2 SNKPH  |9 17965 
651 7 |a Vrbas (Srbsko)  |2 SNKPHgeo  |9 249796 
655 7 |a rukopisy  |2 SNKPH  |9 70548 
655 7 |a knižničné katalógy  |2 SNKPH  |9 54650 
852 |a Slovenská národná knižnica  |b Literárny archív 
958 |a MOF 
958 |a LAVD 
999 |c 653296  |d 655226 
952 |a SNKLA  |b SNKLA  |c SNKLA_DEP  |y NEVYP  |7 0  |p 17A1312309  |o snkM 21 G 5  |0 0  |1 0  |4 0  |d 2021-08-05  |f 1  |l 0  |r 2026-02-23 18:28:13  |w 2026-02-23